[Event "Quebec-ch w"]
[Site "Montreal CAN"]
[Date "2000.05.13"]
[Round "3"]
[White "Pescarus, Dana"]
[Black "Santerre, Marie-Pierre"]
[Result "1-0"]
[WhiteElo "1612"]
[BlackElo "916"]
[PlyCount "45"]
[GameId "2160767911716152"]
[EventDate "2000.05.12"]
[EventType "tourn"]
[EventRounds "5"]
[EventCountry "CAN"]

1. c4 c5 2. Nc3 Nc6 3. g3 b6 4. Bg2 Ne5 5. Bxa8 Ba6 6. Bg2 Nxc4 7. d3 Ne5 8. Bf4 Ng6 9. Qd2 e5 10. Bg5 Be7 11. Nf3 Nf6 12. Rd1 d5 13. Qc2 d4 14. Qa4+ Qd7 15. Qxa6 dxc3 16. bxc3 O-O 17. O-O Nd5 18. Qc4 Rd8 19. Bxe7 Ngxe7 20. Nxe5 Qf5 21. Bxd5 Nxd5 22. Nc6 Rd7 23. e4 1-0

[Event "Quebec-ch w"]
[Site "Montreal CAN"]
[Date "2000.05.13"]
[Round "3"]
[White "Trottier, Julie"]
[Black "Mogilevsky, Olga"]
[Result "1-0"]
[WhiteElo "1699"]
[BlackElo "1669"]
[PlyCount "83"]
[GameId "2160767911716153"]
[EventDate "2000.05.12"]
[EventType "tourn"]
[EventRounds "5"]
[EventCountry "CAN"]

1. d4 Nf6 2. c4 c5 3. e3 g6 4. Nf3 Bg7 5. Nc3 O-O 6. Be2 d6 7. O-O Na6 8. a3 Bd7 9. dxc5 Nxc5 10. Nd4 a6 11. b4 Ne6 12. Bb2 Rb8 13. Rc1 h5 14. h3 Kh7 15. Qb3 Rg8 16. Rfd1 Qc8 17. Nf3 g5 18. Nd5 Qf8 19. Nxf6+ Bxf6 20. Bxf6 exf6 21. Qd3+ Kh6 22. Qxd6 Bc6 23. Qxf8+ Rbxf8 24. Nd4 Be4 25. Bd3 Bg6 26. Nf5+ Kh7 27. Ne7 Rg7 28. Nxg6 fxg6 29. c5 Rd8 30. Bc4 Re8 31. Rd6 Rge7 32. Rcd1 Kg7 33. Rd7 Nc7 34. a4 g4 35. hxg4 hxg4 36. b5 Kh6 37. c6 bxc6 38. bxc6 Na8 39. Bxa6 Nb6 40. Rxe7 Rxe7 41. a5 Na8 42. Rd7 1-0

[Event "Quebec-ch w"]
[Site "Montreal CAN"]
[Date "2000.05.14"]
[Round "4"]
[White "Mogilevsky, Olga"]
[Black "Pescarus, Dana"]
[Result "0-1"]
[WhiteElo "1669"]
[BlackElo "1612"]
[PlyCount "110"]
[GameId "2160767911716154"]
[EventDate "2000.05.12"]
[EventType "tourn"]
[EventRounds "5"]
[EventCountry "CAN"]

1. e4 d5 2. exd5 Nf6 3. d4 Nxd5 4. Nf3 Bg4 5. Be2 Nc6 6. h3 Bh5 7. O-O e6 8. b3 Bd6 9. Bb2 Qf6 10. Nbd2 Nf4 11. Re1 O-O 12. Bf1 Rad8 13. g3 Bxf3 14. Nxf3 Nd5 15. a3 Rfe8 16. Bg2 Nce7 17. c4 Nb6 18. Qc2 Nf5 19. c5 Bxg3 20. cxb6 Bf4 21. bxa7 Ra8 22. Qe4 Nd6 23. Qe2 Rxa7 24. Ne5 Qe7 25. Qg4 Bg5 26. Nf3 Bf6 27. Re2 Nf5 28. Rae1 Nh6 29. Qe4 c6 30. h4 Ra5 31. Bh3 Rh5 32. Kh1 Bxh4 33. Rg1 Bf6 34. Kh2 Qd6+ 35. Ne5 Nf5 36. Qf3 Rh6 37. Qxf5 exf5 38. f4 Bxe5 39. Rxe5 Rxe5 40. fxe5 Qd5 41. Bc1 Rh4 42. Bg5 Rxd4 43. Bf6 g6 44. Rg2 f4 45. e6 fxe6 46. Bxd4 Qxd4 47. Bxe6+ Kg7 48. Bc8 f3 49. Rg4 Qf2+ 50. Kh3 h5 51. Rg3 Kh6 52. Bxb7 g5 53. Bxc6 g4+ 54. Rxg4 hxg4+ 55. Kxg4 Qg2+ 0-1

[Event "Quebec-ch w"]
[Site "Montreal CAN"]
[Date "2000.05.14"]
[Round "4"]
[White "Mongeau, Diane"]
[Black "Trottier, Julie"]
[Result "0-1"]
[WhiteElo "1997"]
[BlackElo "1699"]
[PlyCount "68"]
[GameId "2160767911716155"]
[EventDate "2000.05.12"]
[EventType "tourn"]
[EventRounds "5"]
[EventCountry "CAN"]

1. d4 d5 2. c4 dxc4 3. Nf3 a6 4. a4 Nf6 5. Nc3 e6 6. Bg5 Bb4 7. e4 h6 8. Bxf6 Qxf6 9. Bxc4 c5 10. Qd3 cxd4 11. Nxd4 O-O 12. Nde2 Rd8 13. Qc2 Nc6 14. O-O Nd4 15. Nxd4 Rxd4 16. Bd3 Bd7 17. Ne2 Rd6 18. f4 Rc8 19. Qb1 e5 20. f5 Qd8 21. Rf3 Rb6 22. b3 Bc3 23. Ra2 Bb4 24. g4 Qg5 25. h3 h5 26. Qb2 Bd6 27. Rg3 h4 28. Rf3 Bb8 29. Nc3 Ba7 30. Kg2 Rbc6 31. Nd5 Rc1 32. Qxe5 Rg1+ 33. Kh2 Re8 34. Qc7 Bb8 0-1

[Event "Quebec-ch w"]
[Site "Montreal CAN"]
[Date "2000.05.14"]
[Round "5"]
[White "Pescarus, Dana"]
[Black "Mongeau, Diane"]
[Result "0-1"]
[WhiteElo "1612"]
[BlackElo "1997"]
[PlyCount "52"]
[GameId "2160767911716156"]
[EventDate "2000.05.12"]
[EventType "tourn"]
[EventRounds "5"]
[EventCountry "CAN"]

1. c4 e6 2. Nc3 d5 3. g3 d4 4. Na4 c5 5. Bg2 Nc6 6. b3 Bd7 7. Nf3 Nf6 8. Ba3 b6 9. Qc2 Be7 10. Rd1 e5 11. Nb2 Qc7 12. e3 e4 13. Ng5 d3 14. Qc3 Bf5 15. f3 exf3 16. Bxf3 h6 17. e4 Bg6 18. e5 hxg5 19. exf6 Bxf6 20. Qc1 O-O-O 21. O-O Nd4 22. Bg4+ Kb8 23. Nxd3 Bxd3 24. Rf2 Be4 25. h3 Qxg3+ 26. Kf1 Bd3+ 0-1

[Event "Quebec-ch w"]
[Site "Montreal CAN"]
[Date "2000.05.14"]
[Round "5"]
[White "Santerre, Marie-Pierre"]
[Black "Mogilevsky, Olga"]
[Result "0-1"]
[WhiteElo "916"]
[BlackElo "1669"]
[PlyCount "70"]
[GameId "2160767911716157"]
[EventDate "2000.05.12"]
[EventType "tourn"]
[EventRounds "5"]
[EventCountry "CAN"]

1. e4 e5 2. Nf3 Nc6 3. Bc4 Nf6 4. d3 Bc5 5. Be3 d6 6. Nbd2 O-O 7. c3 Re8 8. d4 exd4 9. cxd4 Bb4 10. O-O Bxd2 11. Bxd2 Nxe4 12. Re1 Bg4 13. Bd3 d5 14. h3 Bxf3 15. Qxf3 Nxd2 16. Qh5 Ne4 17. Re2 Nf6 18. Qh4 Rxe2 19. Bxe2 Qe7 20. Bd3 Re8 21. g4 h6 22. Qg3 Nxd4 23. h4 Ne2+ 24. Bxe2 Qxe2 25. Kg2 Qxg4 26. Rc1 c6 27. Kf1 Qe2+ 28. Kg1 Qxb2 29. Rf1 Qe5 30. Qd3 Qe4 31. Qh3 Qg4+ 32. Qg2 Qxg2+ 33. Kxg2 c5 34. f3 Re2+ 35. Kh3 Rxa2 0-1

[Event "RA Active ch"]
[Site "Ottawa CAN"]
[Date "2000.12.07"]
[Round "1"]
[White "Pacey, Kevin"]
[Black "Raletich, George"]
[Result "1-0"]
[WhiteElo "2240"]
[BlackElo "1970"]
[PlyCount "57"]
[GameId "2160767911635641"]
[EventDate "2000.12.07"]
[EventType "swiss"]
[EventRounds "6"]
[EventCountry "CAN"]

1. e4 c5 2. Nf3 d6 3. d4 cxd4 4. Nxd4 a6 5. c4 Nc6 6. Nc3 e6 7. Be2 Be7 8. O-O Nf6 9. Be3 O-O 10. Qd2 Bd7 11. Rfd1 Qe8 12. Rac1 Rc8 13. b3 Nxd4 14. Bxd4 e5 15. Be3 Kh8 16. f3 Bc6 17. Nd5 Nxd5 18. cxd5 Bd7 19. Qb4 Rxc1 20. Rxc1 Bc8 21. Rc7 f5 22. exf5 Rxf5 23. Bd3 Rf8 24. Qe4 Bf5 25. Qxf5 Rxf5 26. Bxf5 g6 27. Rc8 Bd8 28. Bg5 Bb6+ 29. Kf1 1-0

[Event "RA Active ch"]
[Site "Ottawa CAN"]
[Date "2000.12.07"]
[Round "2"]
[White "Chyurlia, Jerome"]
[Black "Pacey, Kevin"]
[Result "0-1"]
[WhiteElo "1654"]
[BlackElo "2240"]
[PlyCount "70"]
[GameId "2160767911635642"]
[EventDate "2000.12.07"]
[EventType "swiss"]
[EventRounds "6"]
[EventCountry "CAN"]

1. Nf3 d5 2. e3 c5 3. b3 Nc6 4. Bb2 Nf6 5. Be2 e6 6. O-O Bd6 7. d3 O-O 8. Nbd2 e5 9. e4 Nd4 10. Bxd4 cxd4 11. exd5 Nxd5 12. Ne4 Bc7 13. Re1 f5 14. Ng3 Nc3 15. Qc1 b5 16. Bf1 Qd5 17. Ne2 Nxe2+ 18. Rxe2 Bb7 19. c4 dxc3 20. Qxc3 Rac8 21. Qb2 e4 22. dxe4 fxe4 23. Rd1 Qxd1 24. Rd2 Bxh2+ 25. Nxh2 Qc1 26. Qd4 Qc5 27. Qd7 e3 28. Qe6+ Kh8 29. Qxe3 Qxe3 30. fxe3 Rc1 31. Nf3 b4 32. Kf2 g5 33. Rd7 Bc6 34. Rc7 g4 35. Bd3 gxf3 0-1

[Event "RA Active ch"]
[Site "Ottawa CAN"]
[Date "2000.12.14"]
[Round "3"]
[White "Pacey, Kevin"]
[Black "Glew, Richard"]
[Result "0-1"]
[WhiteElo "2240"]
[BlackElo "1950"]
[PlyCount "57"]
[GameId "2160767911635643"]
[EventDate "2000.12.07"]
[EventType "swiss"]
[EventRounds "6"]
[EventCountry "CAN"]

1. e4 c5 2. Nf3 Nc6 3. d4 cxd4 4. Nxd4 Nf6 5. Nc3 d6 6. Bc4 g6 7. Nxc6 bxc6 8. e5 Ng4 9. e6 f5 10. h4 Bg7 11. h5 d5 12. Bd3 Bxe6 13. hxg6 hxg6 14. Rxh8+ Bxh8 15. Bf4 Qb6 16. Qe2 Qxb2 17. Nd1 Qb4+ 18. Bd2 Qd6 19. Rb1 Bf7 20. Rb7 Bf6 21. Bb4 c5 22. Bb5+ Kf8 23. Rd7 Qb6 24. Bc3 d4 25. Bd2 Rb8 26. Bc4 Bxc4 27. Qxc4 Ne5 28. Qd5 Nxd7 29. Bh6+ 0-1

[Event "RA Active ch"]
[Site "Ottawa CAN"]
[Date "2000.12.14"]
[Round "4"]
[White "Pacey, Kevin"]
[Black "Devenport, Martin"]
[Result "1-0"]
[WhiteElo "2240"]
[BlackElo "2301"]
[PlyCount "85"]
[GameId "2160767911635644"]
[EventDate "2000.12.07"]
[EventType "swiss"]
[EventRounds "6"]
[EventCountry "CAN"]

1. e4 e5 2. Nf3 Nc6 3. d4 exd4 4. Nxd4 Bc5 5. Nb3 Bb6 6. Be2 d6 7. Nc3 Nge7 8. Bg5 Be6 9. Nd5 h6 10. Bh4 Qd7 11. a4 O-O-O 12. Bb5 Bxd5 13. exd5 Nxd5 14. Qxd5 Rde8+ 15. Kf1 Re5 16. Bxc6 bxc6 17. Qc4 Rhe8 18. a5 Bc5 19. Nxc5 dxc5 20. f3 Qd2 21. Qa6+ Kd7 22. Qd3+ Rd5 23. Qxd2 Rxd2 24. Be1 Rxc2 25. Rd1+ Kc8 26. Rd2 Rc1 27. Kf2 c4 28. Rf1 Re5 29. Re2 Rxe2+ 30. Kxe2 Rc2+ 31. Bd2 Rxb2 32. Rc1 Kd7 33. Rxc4 Ra2 34. Rd4+ Ke7 35. Kd3 g6 36. Rb4 c5 37. Rb7 c4+ 38. Ke3 Kd7 39. Rxa7 c3 40. Bxc3 Rxg2 41. Be5 f6 42. Bxc7 Kc6 43. Bb6 1-0

[Event "RA O'Keefe"]
[Site "Ottawa CAN"]
[Date "2000.09.14"]
[Round "1"]
[White "Hanna, Raoul"]
[Black "Pacey, Kevin"]
[Result "1/2-1/2"]
[WhiteElo "1816"]
[BlackElo "2338"]
[PlyCount "119"]
[GameId "2160767911644261"]
[EventDate "2000.09.14"]
[EventType "swiss"]
[EventRounds "7"]
[EventCountry "CAN"]

1. e4 e5 2. Nf3 Nc6 3. Bc4 Nf6 4. Ng5 d5 5. exd5 Na5 6. Bb5+ Bd7 7. Qe2 Be7 8. b4 Bxb4 9. Qxe5+ Kf8 10. Ba3 Bxa3 11. Nxa3 Bxb5 12. Nxb5 Qxd5 13. Qxd5 Nxd5 14. O-O a6 15. Nd4 Nc4 16. d3 Nd6 17. Rfe1 c5 18. Ndf3 h6 19. Ne4 Nxe4 20. Rxe4 f6 21. c4 Nc7 22. Rae1 Re8 23. Rxe8+ Nxe8 24. Re6 g5 25. d4 cxd4 26. Nxd4 Rh7 27. Nf5 Rc7 28. g3 Kf7 29. Re4 h5 30. Kf1 Ng7 31. Nxg7 Kxg7 32. Ke2 Kf7 33. Kd3 f5 34. Rd4 Ke6 35. h3 Rf7 36. Rd5 h4 37. gxh4 gxh4 38. Ke3 Rg7 39. Rd4 Rg1 40. Rxh4 Re1+ 41. Kd3 Ra1 42. f4 Rxa2 43. Rh6+ Kd7 44. Kd4 a5 45. Rf6 Rd2+ 46. Kc3 Rh2 47. Rxf5 Rxh3+ 48. Kb2 b6 49. Rf6 Kc7 50. f5 Rf3 51. Rf8 Kd6 52. f6 Kc5 53. Rc8+ Kb4 54. Rc6 Rf2+ 55. Kb1 b5 56. cxb5 Kxb5 57. Re6 a4 58. Re5+ Kb6 59. Re6+ Kc5 60. Re5+ 1/2-1/2

[Event "RA O'Keefe"]
[Site "Ottawa CAN"]
[Date "2000.09.21"]
[Round "2"]
[White "Pacey, Kevin"]
[Black "Glew, Richard"]
[Result "1-0"]
[WhiteElo "2338"]
[BlackElo "1800"]
[PlyCount "84"]
[GameId "2160767911644262"]
[EventDate "2000.09.14"]
[EventType "swiss"]
[EventRounds "7"]
[EventCountry "CAN"]

1. e4 c5 2. Nf3 Nc6 3. d4 cxd4 4. Nxd4 Nf6 5. Nc3 d6 6. Bc4 e5 7. Nf3 Bg4 8. Bg5 Be7 9. h3 Bxf3 10. Qxf3 Nd4 11. Qd3 O-O 12. O-O h6 13. Be3 Ne6 14. Nd5 Nxd5 15. Bxd5 Qc7 16. Rfd1 Nc5 17. Qd2 Rad8 18. Bxh6 gxh6 19. Qxh6 Qb6 20. Re1 Qxb2 21. Re3 Qxa1+ 22. Kh2 Qc1 23. Qg6+ Kh8 24. Qh6+ Kg8 25. Rg3+ Qg5 26. Rxg5+ Bxg5 27. Qg6+ Kh8 28. Qh5+ Kg7 29. Qxg5+ Kh7 30. Bxf7 Rxf7 31. Qh5+ Kg7 32. Qg5+ Kh7 33. Qh4+ Kg7 34. Qxd8 Nxe4 35. f3 Nf6 36. Qxd6 e4 37. fxe4 Nxe4 38. Qd4+ Nf6 39. Qxa7 Kg6 40. Qb6 Rd7 41. c4 Kg5 42. a4 Kh4 1-0

[Event "RA O'Keefe"]
[Site "Ottawa CAN"]
[Date "2000.09.28"]
[Round "3"]
[White "Arseneau, Peter"]
[Black "Pacey, Kevin"]
[Result "0-1"]
[WhiteElo "1851"]
[BlackElo "2338"]
[PlyCount "62"]
[GameId "2160767911644263"]
[EventDate "2000.09.14"]
[EventType "swiss"]
[EventRounds "7"]
[EventCountry "CAN"]

1. e4 e5 2. Nf3 Nc6 3. Bb5 a6 4. Ba4 Nf6 5. O-O Be7 6. Re1 b5 7. Bb3 d6 8. c3 O-O 9. h3 Na5 10. Bc2 c5 11. d4 Qc7 12. Nbd2 Bd7 13. Nf1 Rfc8 14. Ne3 cxd4 15. cxd4 Nc6 16. d5 Nb4 17. Bb1 a5 18. Nh2 a4 19. Qd2 Qc5 20. a3 Na6 21. Nhg4 b4 22. Kh1 Qd4 23. Nxf6+ Bxf6 24. Qxd4 exd4 25. Nf5 Bxf5 26. exf5 Re8 27. Bd2 Nc5 28. Bxb4 Rxe1+ 29. Bxe1 Nb3 30. Ra2 Rc8 31. Bb4 Rc1+ 0-1

[Event "RA O'Keefe"]
[Site "Ottawa CAN"]
[Date "2000.10.12"]
[Round "5"]
[White "Hum, Peter"]
[Black "Pacey, Kevin"]
[Result "1/2-1/2"]
[WhiteElo "2205"]
[BlackElo "2345"]
[PlyCount "87"]
[GameId "2160767911644264"]
[EventDate "2000.09.14"]
[EventType "swiss"]
[EventRounds "7"]
[EventCountry "CAN"]

1. Nf3 d5 2. d4 Nf6 3. c4 e6 4. Nc3 Bb4 5. Bg5 Nbd7 6. cxd5 exd5 7. e3 O-O 8. Bd3 Qe8 9. O-O c6 10. Qc2 Bxc3 11. bxc3 Ne4 12. Bf4 Nb6 13. Nd2 Nxd2 14. Qxd2 Qe7 15. Qc2 Qh4 16. Bg3 Qh5 17. f3 Be6 18. a4 Rad8 19. Bc7 Rc8 20. Bxb6 axb6 21. Qb3 Rce8 22. Qxb6 Bc8 23. Rae1 Re6 24. Qc7 c5 25. e4 cxd4 26. cxd4 Rc6 27. Qf4 Be6 28. Rc1 Bd7 29. Rb1 Re8 30. e5 Rc3 31. Bb5 Bxb5 32. Rxb5 Rc4 33. a5 Qg6 34. Rxd5 Rc2 35. g3 Qd3 36. Rd7 Rf8 37. Rf2 Rxf2 38. Kxf2 Qc2+ 39. Ke3 Qb3+ 40. Kf2 Qa2+ 41. Ke3 Qb3+ 42. Kf2 Qa2+ 43. Ke3 Qb3+ 44. Kf2 1/2-1/2

[Event "RA O'Keefe"]
[Site "Ottawa CAN"]
[Date "2000.10.19"]
[Round "6"]
[White "Pacey, Kevin"]
[Black "Kirby, Patrick"]
[Result "1-0"]
[WhiteElo "2345"]
[BlackElo "2115"]
[PlyCount "63"]
[GameId "2160767911644265"]
[EventDate "2000.09.14"]
[EventType "swiss"]
[EventRounds "7"]
[EventCountry "CAN"]

1. d4 Nf6 2. c4 e6 3. Nc3 Bb4 4. e3 b6 5. Bd3 Bb7 6. Nf3 O-O 7. O-O Bxc3 8. bxc3 Ne4 9. Qc2 f5 10. c5 bxc5 11. Rb1 Qc8 12. Ba3 d6 13. dxc5 Nd7 14. c6 Bxc6 15. Nd4 Ne5 16. Nxc6 Nxc6 17. Bxe4 fxe4 18. Qxe4 Qa6 19. Qxe6+ Kh8 20. Bc1 Qd3 21. Bb2 Rae8 22. Qh3 Ne5 23. c4 Nxc4 24. Ba1 Qg6 25. Rbd1 Rf5 26. Rd4 Ne5 27. f4 Rh5 28. Qg3 Ng4 29. f5 Rxf5 30. Rxf5 Qxf5 31. Qxg4 Qxg4 32. Rxg4 1-0

[Event "RA O'Keefe"]
[Site "Ottawa CAN"]
[Date "2000.10.26"]
[Round "7"]
[White "Devenport, Martin"]
[Black "Pacey, Kevin"]
[Result "1-0"]
[WhiteElo "2258"]
[BlackElo "2345"]
[PlyCount "91"]
[GameId "2160767911644266"]
[EventDate "2000.09.14"]
[EventType "swiss"]
[EventRounds "7"]
[EventCountry "CAN"]

1. e4 e6 2. d3 d5 3. Nd2 Nf6 4. Ngf3 c5 5. g3 Nc6 6. Bg2 Be7 7. O-O O-O 8. e5 Nd7 9. Re1 b5 10. Nf1 a5 11. h4 b4 12. Bf4 Ba6 13. N1h2 a4 14. Bh3 a3 15. b3 Nb6 16. Ng5 Qe8 17. Ng4 Nd7 18. Nh2 Nd4 19. Be3 Nb5 20. f4 Bb7 21. Qg4 Ra6 22. Bg2 f5 23. exf6 Bxf6 24. Rad1 Nc3 25. Ra1 h5 26. Qf3 Bxg5 27. hxg5 Ne5 28. Qf2 d4 29. Bxb7 dxe3 30. Qxe3 Rb6 31. Qxe5 Rxb7 32. Qxc5 h4 33. Kg2 hxg3 34. Kxg3 Rb5 35. Qc4 Nd5 36. Re4 Qb8 37. Rae1 Rc8 38. Rxe6 Rxc4 39. Re8+ Qxe8 40. Rxe8+ Kf7 41. bxc4 Rb7 42. Re1 Nc3 43. Ra1 Re7 44. Nf3 Re3 45. Kg4 Ne2 46. Rb1 1-0

[Event "RA Spring Tandem active"]
[Site "Ottawa CAN"]
[Date "2000.03.30"]
[Round "1.1"]
[White "Pacey, Kevin"]
[Black "Guignard, Michael"]
[Result "1-0"]
[WhiteElo "2315"]
[BlackElo "2051"]
[PlyCount "55"]
[GameId "2160767911724687"]
[EventDate "2000.03.30"]
[EventType "swiss (rapid)"]
[EventRounds "8"]
[EventCountry "CAN"]

1. e4 Nf6 2. e5 Nd5 3. d4 d6 4. c4 Nb6 5. f4 dxe5 6. fxe5 Nc6 7. Be3 Bf5 8. Nc3 e6 9. Nf3 Bg4 10. Be2 Bxf3 11. Bxf3 Nxc4 12. Bxc6+ bxc6 13. Qf3 Nxe3 14. Qxe3 Bb4 15. O-O Bxc3 16. Qxc3 O-O 17. Rf4 Qd5 18. b3 Rab8 19. Rc1 Rb6 20. Qd3 Qa5 21. Rf2 Rd8 22. Rxf7 Kxf7 23. Qxh7 Ke8 24. Qxg7 Qd2 25. Rf1 Qxd4+ 26. Kh1 Qf2 27. Qg6+ Ke7 28. Qh7+ 1-0

[Event "RA Spring Tandem active"]
[Site "Ottawa CAN"]
[Date "2000.03.30"]
[Round "1.2"]
[White "Guignard, Michael"]
[Black "Pacey, Kevin"]
[Result "1/2-1/2"]
[WhiteElo "2051"]
[BlackElo "2315"]
[PlyCount "76"]
[GameId "2160767911724688"]
[EventDate "2000.03.30"]
[EventType "swiss (rapid)"]
[EventRounds "8"]
[EventCountry "CAN"]

1. e4 e5 2. Nf3 Nc6 3. Bc4 Nf6 4. d4 exd4 5. O-O Bc5 6. e5 d5 7. exf6 dxc4 8. Re1+ Be6 9. Ng5 Qd5 10. Nc3 Qf5 11. Nce4 Bf8 12. Nxf7 Kxf7 13. Ng5+ Kg8 14. Rxe6 gxf6 15. g4 Qd5 16. Rxf6 Ne5 17. Bf4 Bd6 18. Rf5 Rf8 19. Rxf8+ Kxf8 20. Qxd4 Qxd4 21. Ne6+ Kf7 22. Nxd4 Nxg4 23. Bxd6 cxd6 24. h3 Nf6 25. Nb5 Ne4 26. f3 Rg8+ 27. Kf1 a6 28. fxe4 axb5 29. Kf2 Ke6 30. Rd1 Rg5 31. c3 h5 32. Kf3 h4 33. Rd5 Rxd5 34. exd5+ Kf5 35. a3 b6 36. Ke3 Ke5 37. Kf3 Kf5 38. Ke3 Ke5 1/2-1/2

[Event "RA Spring Tandem active"]
[Site "Ottawa CAN"]
[Date "2000.04.06"]
[Round "2.1"]
[White "Pacey, Kevin"]
[Black "Van Dusen, Eric"]
[Result "1-0"]
[WhiteElo "2311"]
[BlackElo "1942"]
[PlyCount "71"]
[GameId "2160767911724689"]
[EventDate "2000.03.30"]
[EventType "swiss (rapid)"]
[EventRounds "8"]
[EventCountry "CAN"]

1. e4 c5 2. Nf3 d6 3. d4 cxd4 4. Nxd4 Nf6 5. Nc3 a6 6. Be2 e5 7. Nb3 Be7 8. O-O O-O 9. Be3 Be6 10. a4 Nbd7 11. a5 Rc8 12. Kh1 Re8 13. f4 exf4 14. Rxf4 Ne5 15. Nd5 Bxd5 16. exd5 Qc7 17. c3 Nfd7 18. Bg1 Bg5 19. Rb4 Re7 20. Nd4 g6 21. Nf3 Bh6 22. Nxe5 Nxe5 23. Bg4 Rce8 24. Bb6 Qb8 25. h3 Bg7 26. Be2 Nd7 27. Bf3 Ne5 28. Be2 Qc8 29. Bd4 Qf5 30. Qf1 Qg5 31. Rb6 Nd7 32. Rxb7 Bxd4 33. cxd4 Rxe2 34. Rxd7 f5 35. Rc1 Qg3 36. Qxe2 1-0

[Event "RA Spring Tandem active"]
[Site "Ottawa CAN"]
[Date "2000.04.06"]
[Round "2.2"]
[White "Van Dusen, Eric"]
[Black "Pacey, Kevin"]
[Result "0-1"]
[WhiteElo "1942"]
[BlackElo "2311"]
[PlyCount "76"]
[GameId "2160767911724690"]
[EventDate "2000.03.30"]
[EventType "swiss (rapid)"]
[EventRounds "8"]
[EventCountry "CAN"]

1. d4 Nf6 2. c4 e6 3. Nc3 Bb4 4. Nf3 c5 5. Bg5 Bxc3+ 6. bxc3 Qa5 7. Bxf6 Qxc3+ 8. Nd2 gxf6 9. e3 cxd4 10. Rc1 Qa5 11. exd4 Nc6 12. d5 Ne5 13. Be2 b6 14. O-O f5 15. dxe6 dxe6 16. c5 Bb7 17. f4 Rg8 18. g3 Rd8 19. fxe5 Rxd2 20. Qe1 Qxa2 21. Rf2 Rxe2 22. Qxe2 Qd5 23. Rg2 Qxg2+ 24. Qxg2 Bxg2 25. Kxg2 bxc5 26. Rxc5 Kd7 27. Ra5 Ra8 28. Ra6 Kc7 29. Kf3 Kb7 30. Rd6 a5 31. Rd7+ Kc6 32. Rxf7 a4 33. Re7 Kd5 34. Kf4 a3 35. Rd7+ Kc4 36. Rd1 a2 37. Ra1 Kb3 38. Kg5 Kb2 0-1

[Event "RA Spring Tandem active"]
[Site "Ottawa CAN"]
[Date "2000.04.13"]
[Round "3.1"]
[White "Peev, Pavel"]
[Black "Pacey, Kevin"]
[Result "0-1"]
[WhiteElo "2120"]
[BlackElo "2311"]
[PlyCount "68"]
[GameId "2160767911724691"]
[EventDate "2000.03.30"]
[EventType "swiss (rapid)"]
[EventRounds "8"]
[EventCountry "CAN"]

1. e4 e5 2. Nf3 Nf6 3. Nxe5 d6 4. Nf3 Nxe4 5. d4 d5 6. Bd3 Nc6 7. O-O Be7 8. c4 O-O 9. Nc3 Nf6 10. h3 Nb4 11. Re1 Nxd3 12. Qxd3 dxc4 13. Qxc4 c6 14. Bf4 Bf5 15. Rad1 Bd6 16. Ne5 Be6 17. Qd3 Nd5 18. Nxd5 Bxd5 19. Bg3 f6 20. Ng4 Qc7 21. Bxd6 Qxd6 22. a3 Rae8 23. Re3 Rxe3 24. Qxe3 h5 25. Nh2 Rd8 26. Nf3 Bxf3 27. Qxf3 Qd5 28. Qxd5+ Rxd5 29. b4 Kf7 30. Kf1 Ke6 31. Ke2 Rg5 32. g3 Kd5 33. Kd3 Rf5 34. Rf1 Rf3+ 0-1

[Event "RA Spring Tandem active"]
[Site "Ottawa CAN"]
[Date "2000.04.13"]
[Round "3.2"]
[White "Pacey, Kevin"]
[Black "Peev, Pavel"]
[Result "1-0"]
[WhiteElo "2311"]
[BlackElo "2120"]
[PlyCount "77"]
[GameId "2160767911724692"]
[EventDate "2000.03.30"]
[EventType "swiss (rapid)"]
[EventRounds "8"]
[EventCountry "CAN"]

1. e4 c5 2. Nf3 d6 3. d4 cxd4 4. Nxd4 Nf6 5. Nc3 g6 6. Be2 Bg7 7. Be3 O-O 8. h4 h5 9. Qd2 Nc6 10. O-O-O Bd7 11. f3 Rc8 12. Kb1 Ne5 13. Bg5 Rc5 14. Nb3 Nc4 15. Bxc4 Rxc4 16. e5 Nh7 17. exd6 Nxg5 18. dxe7 Qxe7 19. Qxd7 Qxd7 20. Rxd7 Ne6 21. Ne4 Rc7 22. Rxc7 Nxc7 23. Rd1 Re8 24. Nbc5 f5 25. Ng5 b6 26. Nd3 Nd5 27. Re1 Rxe1+ 28. Nxe1 Bf6 29. c3 Bxg5 30. hxg5 Kf7 31. Kc2 h4 32. Kd2 Nf4 33. Nd3 Nxg2 34. Ke2 Ke6 35. Kf2 h3 36. Kg3 Ne3 37. Nf4+ Kf7 38. Kxh3 Nd1 39. Nd3 1-0

[Event "RA Spring Tandem active"]
[Site "Ottawa CAN"]
[Date "2000.04.20"]
[Round "4.1"]
[White "De Kerpel, Stijn"]
[Black "Pacey, Kevin"]
[Result "1/2-1/2"]
[WhiteElo "2010"]
[BlackElo "2318"]
[PlyCount "86"]
[GameId "2160767911724693"]
[EventDate "2000.03.30"]
[EventType "swiss (rapid)"]
[EventRounds "8"]
[EventCountry "CAN"]

1. c4 e5 2. g3 Nc6 3. Bg2 g6 4. Nc3 Bg7 5. d3 d6 6. e4 Be6 7. Nge2 Qd7 8. Nd5 Nce7 9. Ne3 Nh6 10. d4 exd4 11. Nxd4 Bh3 12. O-O Bxg2 13. Nxg2 O-O 14. Be3 Ng4 15. Bf4 Nc6 16. Nxc6 bxc6 17. Rb1 Nf6 18. e5 Nh5 19. Re1 Nxf4 20. Nxf4 Rfe8 21. exd6 cxd6 22. Qd2 Rad8 23. b3 Bh6 24. Qd4 Qf5 25. Ng2 c5 26. Qc3 Re6 27. Rxe6 fxe6 28. Re1 Rf8 29. Re2 Bg7 30. Qc2 Qxc2 31. Rxc2 Bd4 32. Nf4 Rf6 33. Kg2 Kf7 34. Nd3 g5 35. f3 Ke7 36. b4 cxb4 37. Nxb4 Kd7 38. Re2 Rf8 39. Re4 Rb8 40. Nd3 Bf6 41. f4 g4 42. h3 gxh3+ 43. Kxh3 Rc8 1/2-1/2

[Event "RA Spring Tandem active"]
[Site "Ottawa CAN"]
[Date "2000.04.20"]
[Round "4.2"]
[White "Pacey, Kevin"]
[Black "De Kerpel, Stijn"]
[Result "1-0"]
[WhiteElo "2318"]
[BlackElo "2010"]
[PlyCount "91"]
[GameId "2160767911724694"]
[EventDate "2000.03.30"]
[EventType "swiss (rapid)"]
[EventRounds "8"]
[EventCountry "CAN"]

1. e4 c5 2. Nf3 d6 3. d4 cxd4 4. Nxd4 Nf6 5. Nc3 Nc6 6. Be2 e5 7. Nf3 h6 8. O-O Be7 9. Re1 O-O 10. Bf1 Bg4 11. h3 Bh5 12. g4 Bg6 13. Bc4 Rc8 14. Nh4 Bh7 15. Nf5 Bxf5 16. exf5 Nh7 17. Be3 a6 18. Nd5 Bg5 19. Bb6 Qd7 20. Bb3 Bd8 21. Be3 Nf6 22. Nxf6+ Bxf6 23. c3 Na5 24. Qd5 Nxb3 25. axb3 Qc6 26. Red1 Rfd8 27. Ra4 Qxd5 28. Rxd5 Rc6 29. b4 Rd7 30. b5 axb5 31. Rb4 Rc4 32. Rbxb5 Rcc7 33. Kg2 Kf8 34. Kg3 Ke8 35. Ra5 Rc6 36. Ra8+ Rd8 37. Ra7 Rd7 38. h4 Bd8 39. Rb5 b6 40. Ra8 Rb7 41. f6 gxf6 42. Bxh6 Rc5 43. Rb4 b5 44. h5 Rc4 45. Bg7 f5 46. Bf6 1-0

[Event "RA Spring op"]
[Site "Ottawa CAN"]
[Date "2000.03.18"]
[Round "2"]
[White "Voloaca, Mihnea"]
[Black "Pacey, Kevin"]
[Result "1-0"]
[WhiteElo "2194"]
[BlackElo "2315"]
[PlyCount "79"]
[GameId "2160767911732937"]
[EventDate "2000.03.17"]
[EventType "swiss"]
[EventRounds "5"]
[EventCountry "CAN"]

1. Nf3 Nf6 2. c4 e6 3. Nc3 d5 4. d4 Be7 5. Bf4 O-O 6. e3 c5 7. dxc5 Bxc5 8. cxd5 Nxd5 9. Nxd5 exd5 10. a3 Bf5 11. Rc1 Bb6 12. Bb5 Be4 13. O-O a6 14. Ba4 Qf6 15. Nd4 Qg6 16. Bg3 h5 17. f3 Bd3 18. Re1 Ba5 19. b4 Bd8 20. Rc3 Bc4 21. Bc2 Qf6 22. e4 Bb6 23. e5 Qg5 24. Kh1 h4 25. f4 Qd8 26. Qh5 f5 27. Bxh4 Qe8 28. Qxe8 Rxe8 29. Nxf5 Bd8 30. Bg3 b5 31. Nd6 Rf8 32. Nxc4 dxc4 33. Be4 Ra7 34. Bd5+ Kh7 35. Bf2 Rd7 36. Rh3+ Kg6 37. f5+ Rxf5 38. Be4 Rd3 39. Rxd3 cxd3 40. g4 1-0